00625nam a22001337a 4500008004100000020001800041050001500059100003900074245005100113260003200164300006000196505021500256650002000471160713s2011 mx ad||fr|||| 00| 0 spa d a978607438386704aQC311bR651 aRoldán Rojas, Juan Homeroeautor10aTermodinámicac / Juan Homero Roldán Rojas3 aMéxicob : Patriac, 2011 ax, 212 páginasb : ilustrado, gráficase + 1 CD-ROM aFundamentos de termodinámica Propiedades de una sustancia pura Calor, trabajo, energía y la primera ley de la termodinámica Análisis de energía con volumen de control Segunda ley de la termodinámica14aTERMODINÁMICA